Online Catalogue and eLibrary

The Gift of a virgin : (Record no. 374)

MARC details
000 -LEADER
fixed length control field 00508nam a22001817a 4500
005 - DATE AND TIME OF LATEST TRANSACTION
control field 20240212060653.0
008 - FIXED-LENGTH DATA ELEMENTS--GENERAL INFORMATION
fixed length control field 240212b |||||||| |||| 00| 0 eng d
020 ## - INTERNATIONAL STANDARD BOOK NUMBER
ISBN 0195626001.
082 ## - DDC Classification
DDC Edition Number 22
Class No. 306.8.
Item Number - Author Mark LIN.
100 ## - MAIN ENTRY--PERSONAL NAME
Personal name Fruzzetti, M. Lina.
245 ## - TITLE STATEMENT
Title The Gift of a virgin :
Remainder of title Women, marriage , and ritual in a Bengali society /
Statement of responsibility, etc. Lina M. Fruzzetti.
250 ## - EDITION STATEMENT
Edition statement 1st.
260 ## - PUBLICATION, DISTRIBUTION, ETC.
Place of publication, distribution, etc. India :
Name of publisher, distributor, etc. Oxford university press,
Date of publication, distribution, etc. 1990.
300 ## - PHYSICAL DESCRIPTION
Extent (e.g. Volumes, Pages etc.) 178 p.,
650 ## - SUBJECT ADDED ENTRY--TOPICAL TERM
Topical term or geographic name entry element women
650 ## - SUBJECT ADDED ENTRY--TOPICAL TERM
Topical term or geographic name entry element social
942 ## - Koha item type (Biblio)
Koha item type Books in Stacks (Lending)
Holdings
Lost status Damaged status Collection code Home library Current library Date acquired Full call number Accession Number Item type
    Lending WERC Library WERC Library 02/12/2024 306.8. LIN. 1217 Books in Stacks (Lending)

© WERC Library